000 00420nam a2200181Ia 4500
008 090123s9999 xx 000 0 und d
082 _b35598
100 _aENID BLYTON
245 _aBENJY AND THE OTHER'S
250 _a0
260 _bLATIMER HOUSE LTD
300 _a96
600 _aENID BLYTON
630 _aBENJY AND THE OTHER'S
700 _aENID BLYTON
730 _aBENJY AND THE OTHER'S
942 _cBOOK
999 _c73665
_d73665